[Event "SG-Gladbeck 1 - SF Brackel 3"]
[Site "Verbandsliga - Gruppe 2 2018/"]
[Date "2018.09.23"]
[Round "1.5"]
[White "Wastian, Jan"]
[Black "Kucheyda, Joerg"]
[Result "1/2-1/2"]
[WhiteElo "1987"]
[BlackElo "1945"]
[PlyCount "90"]
[EventDate "2018.??.??"]

1. e4 e6 2. Nf3 d5 3. Nc3 Nf6 4. e5 Nfd7 5. d4 c5 6. Bg5 Qa5 7. Bd2 cxd4 8. Nb5
Qb6 9. Nbxd4 Nc6 10. Nxc6 bxc6 11. Rb1 Bc5 12. Qe2 a5 13. Be3 d4 14. Bf4 Ba6
15. Qd1 d3 16. Qd2 dxc2 17. Qxc2 Bb4+ 18. Bd2 Bxf1 19. Kxf1 Qb5+ 20. Kg1 Bxd2
21. Qxd2 Nxe5 22. Nxe5 Qxe5 23. h4 O-O 24. Rh3 Rfd8 25. Qc2 Qf5 26. Qxf5 exf5
27. Rc3 Rd6 28. Rbc1 Ra6 29. Rc5 g6 30. R1c3 Rd1+ 31. Kh2 Rd2 32. Rc2 Rxc2 33.
Rxc2 h5 34. Kg3 Kg7 35. Kf4 Kf6 36. Ke3 Ke5 37. Kd3 Kd5 38. Kc3 Rb6 39. Rd2+
Ke6 40. Re2+ Kf6 41. a3 Rb5 42. Re8 Rc5+ 43. Kd3 Rd5+ 44. Kc3 f4 45. Re4 Kf5
1/2-1/2

[Event "SG-Gladbeck 1 - SF Brackel 3"]
[Site "Verbandsliga - Gruppe 2 2018/"]
[Date "2018.09.23"]
[Round "1.6"]
[White "Wenzel, Martin"]
[Black "Kracht, Raphael"]
[Result "0-1"]
[WhiteElo "1943"]
[BlackElo "1986"]
[PlyCount "82"]
[EventDate "2018.??.??"]

1. e4 e5 2. Nf3 Nc6 3. d4 exd4 4. Nxd4 Nf6 5. Nxc6 bxc6 6. Bd3 d5 7. e5 Ng4 8.
O-O Bc5 9. Qe2 Qe7 10. Bf4 g5 11. Bg3 h5 12. h3 h4 13. Bh2 Nxh2 14. Kxh2 Bd4
15. c3 Qxe5+ 16. f4 Qxe2 17. Bxe2 Be3 18. fxg5 Bxg5 19. Na3 Be6 20. Nc2 Rb8 21.
b3 c5 22. Rad1 c6 23. Ne1 Be7 24. Nd3 Bd6+ 25. Kh1 Kd7 26. Rf3 Rbe8 27. Rd2
Rhg8 28. Kg1 Rg7 29. Nf2 f5 30. Bd3 Reg8 31. Bf1 Kc7 32. Nd3 Rg3 33. Rdf2 d4
34. c4 Rxf3 35. Rxf3 Rg3 36. Kf2 Kd7 37. Rxg3 Bxg3+ 38. Kf3 Kd6 39. Nf4 Bf7 40.
Be2 Ke5 41. Nd3+ Kf6 0-1

[Event "SG-Gladbeck 1 - SF Brackel 3"]
[Site "Verbandsliga - Gruppe 2 2018/"]
[Date "2018.09.23"]
[Round "1.7"]
[White "Seref, Erdogan"]
[Black "Winzbeck, Frank"]
[Result "1-0"]
[WhiteElo "1914"]
[BlackElo "1861"]
[PlyCount "95"]
[EventDate "2018.??.??"]

1. e4 c5 2. Nf3 d6 3. Bb5+ Bd7 4. a4 Nc6 5. c3 Nf6 6. Qe2 a6 7. Bd3 Bg4 8. Bc2
Ne5 9. d4 Nxf3+ 10. gxf3 Bh5 11. d5 Qd7 12. Bf4 e5 13. Bg3 Qh3 14. Rg1 Be7 15.
Nd2 O-O 16. a5 Rab8 17. Nc4 Nd7 18. Qd3 b5 19. axb6 Nxb6 20. Na5 Ra8 21. Nc6
Bf6 22. f4 c4 23. Qe3 Nd7 24. Ra4 Qg4 25. fxe5 Nxe5 26. Nxe5 Bxe5 27. f4 Bf6
28. Rxc4 Rab8 29. Bf2 Qd7 30. Ba4 Qe7 31. b4 Rfc8 32. Bc6 Bh4 33. Bg3 f5 34.
Kd2 fxe4 35. Rxe4 Qd8 36. Qe1 Bf6 37. Bf2 Bg6 38. Re3 Qc7 39. Re6 a5 40. f5
axb4 41. Rxf6 bxc3+ 42. Kd3 gxf6 43. fxg6 h6 44. Qe6+ Kg7 45. Bd4 Rf8 46. Rf1
Qd8 47. Rxf6 Rxf6 48. Qf7+ 1-0

[Event "SG-Gladbeck 1 - SF Brackel 3"]
[Site "Verbandsliga - Gruppe 2 2018/"]
[Date "2018.09.23"]
[Round "1.8"]
[White "Schelwokat, Peter"]
[Black "Schaede, Maximilian"]
[Result "1-0"]
[WhiteElo "1853"]
[BlackElo "1841"]
[PlyCount "61"]
[EventDate "2018.??.??"]

1. d4 d5 2. c4 e6 3. Nf3 Nf6 4. Nc3 c6 5. g3 Nbd7 6. Bg2 dxc4 7. O-O b5 8. e4
b4 9. e5 Nd5 10. Ne4 a5 11. Bg5 Qb6 12. Re1 c5 13. Nfd2 Ba6 14. Nd6+ Bxd6 15.
Bxd5 Be7 16. Bxe7 exd5 17. dxc5 Nxc5 18. Bd6 Nd3 19. Re3 Nxb2 20. Qg4 c3 21.
Qxg7 O-O-O 22. Nb3 Rdg8 23. Qxf7 d4 24. Qe6+ Kb7 25. Qd5+ Kc8 26. Nxd4 Rd8 27.
Rf3 Nc4 28. Qa8+ Kd7 29. Rf7+ Ke8 30. Re7+ Kf8 31. Ne6+ 1-0

[Event "SV Bönen 1 - SV Hamm 1"]
[Site "Verbandsliga - Gruppe 2 2018/"]
[Date "2018.09.23"]
[Round "1.1"]
[White "Spyrou, Emmanouil"]
[Black "Schlottmann, Fabian"]
[Result "1/2-1/2"]
[WhiteElo "2149"]
[BlackElo "2292"]
[PlyCount "32"]
[EventDate "2018.??.??"]

1. d4 d5 2. c4 e6 3. Nc3 Nf6 4. Bg5 Bb4 5. e3 O-O 6. Nf3 h6 7. Bh4 c5 8. cxd5
exd5 9. Bd3 Be6 10. O-O Nbd7 11. Ne5 Qa5 12. Ne2 c4 13. Nxd7 Nxd7 14. Bc2 Rae8
15. Nf4 Be7 16. Bg3 Nf6 1/2-1/2

[Event "SV Bönen 1 - SV Hamm 1"]
[Site "Verbandsliga - Gruppe 2 2018/"]
[Date "2018.09.23"]
[Round "1.2"]
[White "Lenz, Guntram"]
[Black "Voss, Hubertus"]
[Result "0-1"]
[WhiteElo "1937"]
[BlackElo "2081"]
[PlyCount "34"]
[EventDate "2018.??.??"]

1. d4 Nf6 2. c4 e6 3. Nf3 b6 4. a3 Bb7 5. Nc3 Be7 6. Qc2 c5 7. e3 O-O 8. Bd3 d5
9. cxd5 exd5 10. O-O c4 11. Bf5 Nc6 12. e4 dxe4 13. Nxe4 g6 14. Nxf6+ Bxf6 15.
Bh3 Nxd4 16. Nxd4 Qxd4 17. Rd1 Qe4 0-1

[Event "SV Bönen 1 - SV Hamm 1"]
[Site "Verbandsliga - Gruppe 2 2018/"]
[Date "2018.09.23"]
[Round "1.3"]
[White "Schlaap, Ralf"]
[Black "Fuest, Torsten"]
[Result "1/2-1/2"]
[WhiteElo "2039"]
[BlackElo "1871"]
[PlyCount "125"]
[EventDate "2018.??.??"]

1. d4 Nf6 2. c4 g6 3. Nc3 Bg7 4. Nf3 d6 5. g3 O-O 6. Bg2 Nc6 7. d5 Na5 8. Nd2
c5 9. Qc2 a6 10. Rb1 Rb8 11. O-O b5 12. b3 e6 13. e4 exd5 14. cxd5 Nd7 15. f4
Nb6 16. Nf3 Bd7 17. Bb2 b4 18. Ne2 Rc8 19. Bxg7 Kxg7 20. Qd2 Re8 21. Nh4 Bb5
22. Rf2 Bxe2 23. Rxe2 c4 24. bxc4 Naxc4 25. Qd4+ Kg8 26. Rxb4 Rc5 27. e5 Na3
28. Qd3 Rc1+ 29. Kf2 Nbc4 30. e6 f5 31. Qd4 Qe7 32. Nf3 Rc8 33. Qd3 Qa7+ 34.
Qd4 Qe7 35. h3 Nb5 36. Rxb5 axb5 37. g4 fxg4 38. hxg4 Rf8 39. Kg3 h6 40. Nh4 g5
41. Nf5 gxf4+ 42. Qxf4 Rc3+ 43. Kh2 Rxf5 44. gxf5 Ne5 45. f6 Qxf6 46. Qxf6 Ng4+
47. Kg1 Nxf6 48. Rf2 Rc1+ 49. Rf1 Rxf1+ 50. Kxf1 Kf8 51. a3 Ke7 52. Ke2 Ne8 53.
Ke3 Kd8 54. Bf3 Nc7 55. Ke4 Ke7 56. Kf5 Na6 57. Kg6 b4 58. axb4 Nxb4 59. Kxh6
Na6 60. Kg6 Nc7 61. Kf5 Ne8 62. Ke4 Nc7 63. Bh5 1/2-1/2

[Event "SV Bönen 1 - SV Hamm 1"]
[Site "Verbandsliga - Gruppe 2 2018/"]
[Date "2018.09.23"]
[Round "1.5"]
[White "Vierbuchen, Joachim"]
[Black "Helmert, Jochen"]
[Result "1/2-1/2"]
[WhiteElo "1908"]
[BlackElo "1900"]
[PlyCount "81"]
[EventDate "2018.??.??"]

1. d4 Nf6 2. c4 e6 3. Nc3 Bb4 4. e3 c5 5. Bd3 Nc6 6. Nf3 Bxc3+ 7. bxc3 d6 8.
O-O O-O 9. e4 e5 10. Qe2 h6 11. h3 b6 12. Be3 Re8 13. d5 Ne7 14. Ne1 Ng6 15.
Kh2 Qd7 16. f4 exf4 17. Bxf4 Nxf4 18. Rxf4 Qe7 19. g3 g5 20. Rf1 Kg7 21. Qf2 g4
22. h4 Qe5 23. Rc1 Re7 24. Ng2 Bd7 25. Qd2 Rae8 26. Rce1 Bc8 27. Rf2 Nh5 28.
Re3 f6 29. Bc2 Bd7 30. Bd1 Rf7 31. Qe1 Kh7 32. Rf5 Bxf5 33. exf5 Qxe3 34. Nxe3
Rfe7 35. Bxg4 Rxe3 36. Qf2 Nxg3 37. Kg2 Re2 38. Bxe2 Rxe2 39. Kxg3 Rxf2 40.
Kxf2 h5 41. Ke3 1/2-1/2

[Event "SV Bönen 1 - SV Hamm 1"]
[Site "Verbandsliga - Gruppe 2 2018/"]
[Date "2018.09.23"]
[Round "1.6"]
[White "Schötz, Hans-Joachim"]
[Black "Wörtler, Lars-Erik"]
[Result "0-1"]
[WhiteElo "1883"]
[BlackElo "1869"]
[PlyCount "48"]
[EventDate "2018.??.??"]

1. e4 c5 2. d3 g6 3. Nf3 Bg7 4. d4 cxd4 5. Nxd4 Nc6 6. Be3 Nf6 7. Nc3 O-O 8. f3
Qb6 9. Ncb5 a6 10. Nf5 Qa5+ 11. Bd2 Qd8 12. Nxg7 axb5 13. Bh6 Kh8 14. Qd2 Rg8
15. g4 Rxg7 16. Bxg7+ Kxg7 17. h4 Qc7 18. Kf2 Qe5 19. c3 d6 20. Bd3 Be6 21. b4
Ra3 22. h5 g5 23. h6+ Kf8 24. Qe2 Rxc3 0-1

[Event "SV Bönen 1 - SV Hamm 1"]
[Site "Verbandsliga - Gruppe 2 2018/"]
[Date "2018.09.23"]
[Round "1.7"]
[White "Brieger, Sebastian"]
[Black "Mönkemeyer, Maik"]
[Result "0-1"]
[WhiteElo "1762"]
[BlackElo "1739"]
[PlyCount "76"]
[EventDate "2018.??.??"]

1. e4 g6 2. d4 Bg7 3. Nc3 d6 4. Nf3 Bg4 5. Be2 Nc6 6. Be3 e5 7. dxe5 dxe5 8. h3
Bxf3 9. Bxf3 Nd4 10. O-O Ne7 11. Be2 a6 12. a4 O-O 13. Bc4 Nc8 14. Ba2 Kh8 15.
Qd2 Nd6 16. f4 Nc6 17. Rad1 f5 18. Bc5 fxe4 19. Bxd6 Qxd6 20. Qxd6 cxd6 21.
Nxe4 exf4 22. c3 Be5 23. Nxd6 Bxd6 24. Rxd6 Rad8 25. Rxd8 Nxd8 26. Rd1 Nf7 27.
Rd7 Ne5 28. Rxb7 f3 29. gxf3 Nxf3+ 30. Kg2 Ne1+ 31. Kg3 Rf3+ 32. Kg4 Rf5 33.
Rb8+ Kg7 34. Rg8+ Kh6 35. Re8 Nd3 36. Bb1 Rg5+ 37. Kf3 Nxb2 38. Bc2 Rc5 0-1

[Event "SV Bönen 1 - SV Hamm 1"]
[Site "Verbandsliga - Gruppe 2 2018/"]
[Date "2018.09.23"]
[Round "1.8"]
[White "Wegner, Stephan"]
[Black "Bachmann, Rolf"]
[Result "1-0"]
[WhiteElo "1700"]
[BlackElo "1785"]
[PlyCount "83"]
[EventDate "2018.??.??"]

1. e4 c5 2. Nc3 Nc6 3. f4 g6 4. Nf3 Bg7 5. Bb5 Nd4 6. Bd3 a6 7. Nxd4 cxd4 8.
Ne2 d6 9. c3 dxc3 10. bxc3 Nf6 11. O-O O-O 12. a4 Bd7 13. f5 Bc6 14. Ng3 d5 15.
Qe2 Qc7 16. e5 Ne4 17. Bxe4 dxe4 18. f6 exf6 19. exf6 Bh8 20. Ba3 Rfe8 21. Be7
Rxe7 22. fxe7 Qxe7 23. Qg4 h5 24. Qf4 Re8 25. Rae1 h4 26. Nxe4 Bxe4 27. Rxe4
Qd7 28. Rxe8+ Qxe8 29. Qxh4 Be5 30. Re1 Qb8 31. d4 Bg7 32. Qe7 Bf8 33. Qe5 Qc8
34. Re3 Qg4 35. Rf3 Qd7 36. a5 Bd6 37. Qf6 Bf8 38. h4 Bg7 39. Qf4 Qe7 40. Re3
Qd7 41. Rf3 Qe7 42. Rf1 1-0

[Event "SF Essen-Katernberg  3 - SF Essen-Werde"]
[Site "Verbandsliga - Gruppe 2 2018/"]
[Date "2018.09.23"]
[Round "1.1"]
[White "Kaufeld, Juergen"]
[Black "Rosen, Willy"]
[Result "0-1"]
[WhiteElo "2197"]
[BlackElo "2084"]
[PlyCount "118"]
[EventDate "2018.??.??"]

1. e4 c5 2. Nf3 g6 3. c4 Nc6 4. d4 cxd4 5. Nxd4 Nf6 6. Nc3 d6 7. Be2 Nxd4 8.
Qxd4 Bg7 9. Bg5 O-O 10. Qe3 Be6 11. O-O Qa5 12. Rac1 Rfc8 13. b3 a6 14. a4 Rc7
15. f4 Qc5 16. f5 Qxe3+ 17. Bxe3 Bd7 18. a5 Bc6 19. Bd3 Nd7 20. b4 Bxc3 21.
Rxc3 Ne5 22. Bb1 Bb5 23. fxg6 hxg6 24. Ba2 Bxc4 25. Bd4 Rac8 26. Bxc4 Rxc4 27.
Bxe5 Rxc3 28. Bxc3 Rxc3 29. Rb1 Rc4 30. b5 Rxe4 31. bxa6 bxa6 32. Rb6 Ra4 33.
Rxa6 Ra2 34. Ra7 e6 35. h3 d5 36. Kh2 Kg7 37. a6 Kf6 38. Kg3 e5 39. Ra8 d4 40.
Kf3 Ra3+ 41. Ke4 Re3+ 42. Kd5 d3 43. Kc6 Re1 44. Rd8 Ra1 45. Kb7 e4 46. a7 Ke5
47. g3 f5 48. h4 f4 49. Re8+ Kd4 50. gxf4 e3 51. h5 gxh5 52. f5 d2 53. f6 Kc4
54. Rc8+ Kb5 55. f7 d1=Q 56. f8=Q Qd7+ 57. Rc7 Rxa7+ 58. Kxa7 Qxc7+ 59. Ka8 Qe5
0-1

[Event "SF Essen-Katernberg  3 - SF Essen-Werde"]
[Site "Verbandsliga - Gruppe 2 2018/"]
[Date "2018.09.23"]
[Round "1.2"]
[White "Krueger, Erich"]
[Black "Roth, Markus"]
[Result "0-1"]
[WhiteElo "1999"]
[BlackElo "2171"]
[PlyCount "89"]
[EventDate "2018.??.??"]

1. d4 e6 2. c4 b6 3. e4 Bb7 4. Bd3 Nc6 5. Ne2 Nb4 6. Nbc3 Nxd3+ 7. Qxd3 d6 8.
O-O Nf6 9. f4 Be7 10. e5 Nd7 11. f5 dxe5 12. fxe6 fxe6 13. Qh3 Bf6 14. Qxe6+
Qe7 15. Qxe7+ Bxe7 16. d5 Bc5+ 17. Kh1 Nf6 18. Ng3 O-O 19. Bd2 c6 20. dxc6 Bxc6
21. Rae1 Rad8 22. Bg5 Bd4 23. Nf5 Rd7 24. Bxf6 Rxf6 25. Nd5 Bxd5 26. cxd5 Bxb2
27. d6 Ba3 28. Rxe5 g6 29. Nh6+ Kg7 30. Rxf6 Kxf6 31. Ng4+ Kf7 32. Re7+ Rxe7
33. dxe7 Kxe7 34. Kg1 Bc5+ 35. Kf1 Ke6 36. h3 h5 37. Nh2 Kd5 38. Ke2 Ke4 39.
Nf1 a5 40. Kd2 Bd6 41. Kc3 b5 42. Kc2 Bf4 43. Kc3 h4 44. Kc2 Kd4 45. a3 0-1

[Event "SF Essen-Katernberg  3 - SF Essen-Werde"]
[Site "Verbandsliga - Gruppe 2 2018/"]
[Date "2018.09.23"]
[Round "1.3"]
[White "ter Steeg, Marcus"]
[Black "Nautsch, Werner"]
[Result "1/2-1/2"]
[WhiteElo "2068"]
[BlackElo "2020"]
[Annotator "Daniel"]
[PlyCount "123"]
[EventDate "2018.??.??"]

1. d4 g6 2. Nf3 Bg7 3. c4 d6 4. e4 Bg4 5. Be2 Nd7 6. O-O e5 7. Bg5 f6 8. Be3
Ne7 9. Nc3 O-O 10. d5 Bxf3 11. Bxf3 f5 12. g3 h6 13. Bg2 fxe4 14. Nxe4 Nf5 15.
Qd2 Kh7 16. c5 Nf6 17. cxd6 Nxe4 18. dxc7 Nxd2 19. cxd8=Q Rfxd8 20. Bxd2 Nd4
21. Be4 Bf8 22. Kg2 Bd6 23. f4 Kg7 24. Bc3 Re8 25. a4 Ne2 26. fxe5 Nxc3 27.
bxc3 Rxe5 28. Bf3 Rc8 29. Rab1 b6 30. Rb3 Re3 31. Rc1 Be5 32. a5 Rcxc3 33.
Rbxc3 Rxc3 34. Rxc3 Bxc3 35. axb6 axb6 36. Bd1 Kf6 $11 37. Kf3 Ke5 38. Bb3 b5
39. h3 Bb4 40. Ba2 Bd6 41. h4 Kd4 42. g4 Kc3 43. Bb1 g5 44. hxg5 hxg5 45. Ke4
Kc4 46. Ba2+ Kc5 47. Kf5 Bf4 48. Ke6 b4 49. Bb3 Bc7 50. Kf5 Bd8 51. Ke6 Kd4 52.
d6 Kc3 53. Kd7 Ba5 54. Be6 b3 55. Ke8 b2 56. Bf5 Kd4 57. d7 Ke5 58. d8=Q Bxd8
59. Kxd8 Kf4 60. Ke7 b1=Q 61. Bxb1 Kxg4 62. Be4 1/2-1/2

[Event "SF Essen-Katernberg  3 - SF Essen-Werde"]
[Site "Verbandsliga - Gruppe 2 2018/"]
[Date "2018.09.23"]
[Round "1.4"]
[White "Geerlings, Gerd"]
[Black "Berger, Konstantin"]
[Result "1/2-1/2"]
[WhiteElo "2024"]
[BlackElo "2059"]
[PlyCount "83"]
[EventDate "2018.??.??"]

1. Nf3 c5 2. c4 Nc6 3. Nc3 g6 4. g3 Bg7 5. Bg2 e6 6. O-O Nge7 7. d3 O-O 8. Bd2
d5 9. cxd5 exd5 10. Rc1 Re8 11. Re1 b6 12. a3 h6 13. Na4 Be6 14. b4 c4 15. b5
Na5 16. Bxa5 bxa5 17. d4 Rb8 18. Nc3 Nf5 19. a4 a6 20. Rb1 Qd6 21. Qd2 Red8 22.
e3 Ne7 23. Rb2 Bf5 24. Bf1 Rb6 25. Nh4 Bd7 26. Reb1 g5 27. Nf3 Bf5 28. Ra1 Rdb8
29. Ne1 Nc6 30. Bg2 Nb4 31. Bf3 Bd7 32. bxa6 Rxa6 33. Nxd5 Bc6 34. Nc3 Rab6 35.
Bxc6 Qxc6 36. Rc1 Bf8 37. Qe2 Nd5 38. Rbc2 Ba3 39. Nxd5 Qxd5 40. Rd1 Rb4 41. e4
Qc6 42. d5 1/2-1/2

[Event "SF Essen-Katernberg  3 - SF Essen-Werde"]
[Site "Verbandsliga - Gruppe 2 2018/"]
[Date "2018.09.23"]
[Round "1.5"]
[White "Claussen, Uwe"]
[Black "Riesenbeck, Juergen"]
[Result "1-0"]
[WhiteElo "2005"]
[BlackElo "2008"]
[PlyCount "79"]
[EventDate "2018.??.??"]

1. d4 Nf6 2. Nf3 g6 3. g3 Bg7 4. Bg2 d5 5. O-O O-O 6. Nbd2 Bf5 7. Nh4 Be6 8.
Nb3 Na6 9. f3 Rc8 10. e4 c5 11. e5 Nd7 12. f4 f5 13. c3 Nb6 14. dxc5 Nxc5 15.
Nxc5 Rxc5 16. Nf3 Bd7 17. Be3 Rc8 18. Bxb6 Qxb6+ 19. Rf2 e6 20. Qd4 Rc6 21.
Qxb6 Rxb6 22. Rd2 Rc8 23. Kf2 Bf8 24. Nd4 Bc5 25. Ke3 Kf7 26. Bf3 Bb5 27. h3
Bc4 28. g4 Rbc6 29. a3 a5 30. gxf5 Bxd4+ 31. Kxd4 exf5 32. Rg1 Bb3 33. h4 a4
34. Ke3 Rd8 35. h5 Kg7 36. hxg6 hxg6 37. Rh1 Rcc8 38. Rdh2 d4+ 39. cxd4 Rh8 40.
Rxh8 1-0

[Event "SF Essen-Katernberg  3 - SF Essen-Werde"]
[Site "Verbandsliga - Gruppe 2 2018/"]
[Date "2018.09.23"]
[Round "1.6"]
[White "Gehrmann, Ulrich"]
[Black "Huette, Stefan"]
[Result "1-0"]
[WhiteElo "1964"]
[BlackElo "2041"]
[PlyCount "79"]
[EventDate "2018.??.??"]

1. d4 Nf6 2. Nc3 d5 3. Bg5 e6 4. e4 dxe4 5. Nxe4 Be7 6. Bxf6 Bxf6 7. Nf3 Nd7 8.
Qd2 Nb6 9. Bd3 Bd7 10. Qf4 Nd5 11. Nxf6+ Qxf6 12. Qxf6 Nxf6 13. Ne5 Bc8 14. O-O
Nd7 15. Be4 O-O 16. Bxb7 Bxb7 17. Nxd7 Rfd8 18. Nc5 Rab8 19. Rfd1 Ba8 20. b3
Rd5 21. Na6 Rc8 22. f3 Ra5 23. Nc5 Rb5 24. Rd3 Rd8 25. Rad1 Rb6 26. Kf2 Rbd6
27. c4 Kf8 28. b4 Rb6 29. b5 c6 30. a4 cxb5 31. axb5 Rbd6 32. Ra1 e5 33. d5 Rc8
34. Rxa7 Rxc5 35. Rxa8+ Ke7 36. Ra4 f5 37. Rb3 Kd7 38. b6 Rc8 39. Ra7+ Kd8 40.
Rxg7 1-0

[Event "SF Essen-Katernberg  3 - SF Essen-Werde"]
[Site "Verbandsliga - Gruppe 2 2018/"]
[Date "2018.09.23"]
[Round "1.7"]
[White "Rehfeldt, Jens"]
[Black "Sauer, Bernd"]
[Result "1-0"]
[WhiteElo "1924"]
[BlackElo "1902"]
[PlyCount "147"]
[EventDate "2018.??.??"]

1. e4 c6 2. d4 d5 3. exd5 cxd5 4. c4 Nf6 5. c5 Nc6 6. Bb5 Bd7 7. Nc3 e6 8. Bf4
Be7 9. a3 O-O 10. Nf3 b6 11. b4 bxc5 12. dxc5 a6 13. Ba4 Nh5 14. Bd2 Bf6 15.
Rc1 g6 16. g4 Ng7 17. h4 h5 18. gxh5 Nxh5 19. Bg5 Bxg5 20. hxg5 Qc7 21. Bc2 Ne5
22. Nd4 Kg7 23. Nce2 Rh8 24. Qd2 Nc4 25. Qc3 e5 26. c6 Bg4 27. f3 Bc8 28. Nb3
Be6 29. Nc5 Qxc6 30. Bb3 Rhe8 31. Bxc4 dxc4 32. Qxe5+ Kg8 33. Nd4 Qd5 34. Qxd5
Bxd5+ 35. Kf2 Nf4 36. Rh4 Nh5 37. Nc2 Ng7 38. Rch1 Kf8 39. Ne3 Be6 40. Nxc4 Ke7
41. Ne3 a5 42. b5 Rac8 43. Nxe6 Nxe6 44. Ra4 Ra8 45. f4 Red8 46. Rd1 Rxd1 47.
Nxd1 Kd6 48. Rc4 Nc5 49. Nc3 Re8 50. Kf3 Nb3 51. Rc6+ Kd7 52. Ra6 Nd2+ 53. Kf2
Nc4 54. a4 Rh8 55. Kg2 Re8 56. Ra7+ Ke6 57. Rc7 Nd6 58. Rc6 Kd7 59. Nd5 Re2+
60. Kf3 Ra2 61. Nb6+ Ke7 62. Nc4 Nxc4 63. Rxc4 Kd6 64. Ke4 Ra3 65. Kd4 Rb3 66.
Rc6+ Kd7 67. Kc5 Rb4 68. Rf6 Rxa4 69. Kb6 Ra1 70. Rxf7+ Kc8 71. Rf8+ Kd7 72.
Rf7+ Kc8 73. f5 gxf5 74. g6 1-0

[Event "SF Essen-Katernberg  3 - SF Essen-Werde"]
[Site "Verbandsliga - Gruppe 2 2018/"]
[Date "2018.09.23"]
[Round "1.8"]
[White "Schmitz, Edgar"]
[Black "Bury, Tobias"]
[Result "1/2-1/2"]
[WhiteElo "1851"]
[BlackElo "1871"]
[PlyCount "64"]
[EventDate "2018.??.??"]

1. e4 c5 2. Nf3 Nc6 3. Bb5 g6 4. O-O Bg7 5. c3 Nf6 6. Re1 O-O 7. d4 d5 8. e5
Ne4 9. h3 Qb6 10. a4 cxd4 11. Bxc6 bxc6 12. a5 Qd8 13. cxd4 c5 14. Nc3 Bb7 15.
dxc5 Nxc5 16. Nd4 Ba6 17. Nc6 Qd7 18. Qxd5 Qxd5 19. Nxe7+ Kh8 20. Nexd5 Nd3 21.
Rd1 Rac8 22. f4 Rfe8 23. Kh2 g5 24. Ne4 Rc2 25. Nxg5 Nxe5 26. fxe5 Bxe5+ 27.
Kh1 Bg3 28. Nxf7+ Kg7 29. Bf4 Bxf4 30. Nxf4 Kxf7 31. Ra4 Rxb2 32. Nd5 Ree2
1/2-1/2

[Event "SV Günnigfeld 1 - Rochade Steele/Kray "]
[Site "Verbandsklasse - Gruppe 1 201"]
[Date "2018.09.23"]
[Round "1.1"]
[White "Ophoven, Hermann"]
[Black "Freisen, Thomas"]
[Result "0-1"]
[WhiteElo "1718"]
[BlackElo "1973"]
[PlyCount "82"]
[EventDate "2018.??.??"]

1. c4 Nf6 2. Nc3 c5 3. Nf3 d5 4. cxd5 Nxd5 5. Qb3 Nc7 6. g3 Nc6 7. Bg2 e5 8. d3
Be7 9. Qd1 O-O 10. O-O Be6 11. Be3 f6 12. Rc1 Qd7 13. Nd2 Rac8 14. Nde4 Nd4 15.
Nd2 b6 16. Nc4 Rfd8 17. Bxd4 cxd4 18. Ne4 Nd5 19. a3 Rc7 20. Qd2 Rdc8 21. b4
Nc3 22. Nxc3 dxc3 23. Qe3 Qd4 24. Rc2 Qxe3 25. Nxe3 a5 26. bxa5 bxa5 27. Nc4
Rxc4 28. dxc4 Rxc4 29. a4 Bb4 30. Rd1 Rd4 31. Rdc1 Bb3 32. Rxc3 Bxc3 33. Rxc3
Rd1+ 34. Bf1 Bxa4 35. Kg2 Bd7 36. e4 Bh3+ 37. Kxh3 Rxf1 38. Ra3 Rxf2 39. Rxa5
Re2 40. Ra4 h5 41. Rb4 Kh7 0-1

[Event "SV Günnigfeld 1 - Rochade Steele/Kray "]
[Site "Verbandsklasse - Gruppe 1 201"]
[Date "2018.09.23"]
[Round "1.2"]
[White "Kuekenbrink, Christopher"]
[Black "Struschka, Andreas"]
[Result "1-0"]
[WhiteElo "1857"]
[BlackElo "1922"]
[PlyCount "125"]
[EventDate "2018.??.??"]

1. Nf3 g6 2. d4 Nf6 3. c4 c5 4. g3 cxd4 5. Nxd4 Nc6 6. Bg2 Qb6 7. Nb3 d6 8. O-O
Be6 9. Na3 Bg7 10. Be3 Qd8 11. Nd4 Bd7 12. h3 Rc8 13. Qd2 b6 14. b4 O-O 15.
Rac1 Ne8 16. Nab5 Ne5 17. Nxa7 Nxc4 18. Qd3 Ne5 19. Qb3 Ra8 20. Nac6 Nxc6 21.
Nxc6 Bxc6 22. Rxc6 Rb8 23. Rfc1 e6 24. Qc2 d5 25. Rc8 Rxc8 26. Qxc8 Qxc8 27.
Rxc8 d4 28. Bf4 e5 29. Bg5 f6 30. Bd5+ Kh8 31. Bd2 Nd6 32. Rc6 Nb5 33. Rxb6 Nc3
34. Bxc3 dxc3 35. Rc6 Rd8 36. e4 Bf8 37. a3 f5 38. f3 fxe4 39. fxe4 Bh6 40.
Rxc3 Rb8 41. Kf2 Bg5 42. Ke2 h5 43. Rc6 Kg7 44. Rc7+ Kh6 45. Kd3 h4 46. g4 Bd8
47. Rc6 Kg5 48. Kc4 Kf4 49. Rxg6 Kg3 50. Be6 Kxh3 51. g5+ Kg3 52. Rg8 Rb6 53.
Kd5 Bc7 54. g6 h3 55. Bxh3 Kxh3 56. Rh8+ Kg4 57. g7 Rd6+ 58. Kc5 Rg6 59. g8=Q
Rxg8 60. Rxg8+ Kf4 61. Kd5 Ke3 62. Rc8 Bb6 63. Kxe5 1-0

[Event "SV Günnigfeld 1 - Rochade Steele/Kray "]
[Site "Verbandsklasse - Gruppe 1 201"]
[Date "2018.09.23"]
[Round "1.3"]
[White "Hilse, Dieter"]
[Black "Markus, Peter"]
[Result "1-0"]
[WhiteElo "1678"]
[BlackElo "1950"]
[PlyCount "57"]
[EventDate "2018.??.??"]

1. d4 d5 2. c4 c6 3. Nf3 Nf6 4. e3 e6 5. Nc3 Bd6 6. Bd3 Nbd7 7. O-O O-O 8. Bd2
e5 9. dxe5 Nxe5 10. Nxe5 Bxe5 11. Qc2 dxc4 12. Bxc4 Bxh2+ 13. Kxh2 Ng4+ 14. Kg3
Ne5 15. Be2 Qg5+ 16. Kh2 Rd8 17. Rh1 Rd6 18. Ne4 Rh6+ 19. Kg1 Rxh1+ 20. Kxh1
Qh4+ 21. Kg1 Bf5 22. f3 Rd8 23. Be1 Qh6 24. Bf2 Qg6 25. Rd1 Re8 26. Kf1 Qh5 27.
Qc3 Qh1+ 28. Bg1 Bxe4 29. Qxe5 1-0

[Event "SV Günnigfeld 1 - Rochade Steele/Kray "]
[Site "Verbandsklasse - Gruppe 1 201"]
[Date "2018.09.23"]
[Round "1.4"]
[White "Radi, Guenter"]
[Black "Jacob, Donald"]
[Result "1-0"]
[WhiteElo "1896"]
[BlackElo "1572"]
[PlyCount "57"]
[EventDate "2018.??.??"]

1. d4 d5 2. Nf3 Nf6 3. c4 e6 4. Nc3 c6 5. e3 Be7 6. Bd3 c5 7. O-O cxd4 8. Nxd4
O-O 9. b3 Nc6 10. Nxc6 bxc6 11. Qc2 Ba6 12. Rd1 Qc7 13. Ne2 dxc4 14. Bxc4 Bxc4
15. Qxc4 Nd5 16. Bb2 Bf6 17. Bxf6 Nxf6 18. Rac1 Rac8 19. g3 Rfd8 20. Rxd8+ Qxd8
21. Nd4 c5 22. Qa6 Nd7 23. Nc6 Rxc6 24. Qxc6 Ne5 25. Qxc5 f6 26. Qc8 Qxc8 27.
Rxc8+ Kf7 28. Rc7+ Kg6 29. Rxa7 1-0

[Event "SV Günnigfeld 1 - Rochade Steele/Kray "]
[Site "Verbandsklasse - Gruppe 1 201"]
[Date "2018.09.23"]
[Round "1.5"]
[White "Niemann, Walter"]
[Black "Jaennekes, Oliver"]
[Result "1-0"]
[WhiteElo "1714"]
[BlackElo "1791"]
[PlyCount "87"]
[EventDate "2018.??.??"]

1. d4 Nf6 2. c4 e6 3. Nf3 d5 4. Nc3 Bb4 5. Bg5 h6 6. Bh4 O-O 7. e3 c5 8. Bd3
Nbd7 9. O-O cxd4 10. exd4 dxc4 11. Bxc4 b6 12. Ne5 Nxe5 13. dxe5 Qxd1 14. Rfxd1
Bxc3 15. bxc3 Ne4 16. f3 Nxc3 17. Rd3 Ne2+ 18. Kf2 Nf4 19. Rd6 Bb7 20. Rad1
Rfc8 21. R1d4 Ng6 22. Bg3 Bc6 23. Ba6 Rc7 24. Rc4 Ne7 25. f4 g5 26. fxg5 hxg5
27. h4 Kf8 28. hxg5 Ke8 29. g6 fxg6 30. Bh4 Nf5 31. Rcxc6 Rxc6 32. Rxc6 Nxh4
33. Rxe6+ Kf7 34. Bc4 Kg7 35. Re7+ Kh6 36. e6 Rc8 37. Bb3 Rf8+ 38. Kg1 Nf5 39.
Rxa7 Nd4 40. e7 Ne2+ 41. Kh2 Rh8 42. g3 Nd4 43. Rd7 Nxb3 44. Rd8 1-0

[Event "SV Günnigfeld 1 - Rochade Steele/Kray "]
[Site "Verbandsklasse - Gruppe 1 201"]
[Date "2018.09.23"]
[Round "1.6"]
[White "Brandhoff, Gerd"]
[Black "Abdullah, Abdullah"]
[Result "0-1"]
[WhiteElo "1779"]
[BlackElo "1697"]
[Annotator "Daniel"]
[PlyCount "49"]
[EventDate "2018.??.??"]

1. e4 c6 2. Nc3 d5 3. d3 d4 4. Nce2 e5 5. Ng3 Nf6 6. N1e2 Bd6 7. f4 Bg4 8. f5
Qb6 9. b3 O-O 10. h3 Bxe2 11. Bxe2 Bb4+ 12. Bd2 Qa5 13. Bxb4 Qxb4+ 14. Kf2 Qc3
15. Rf1 Nbd7 16. Kg1 b5 17. Bg4 c5 18. a4 a6 19. axb5 axb5 20. Ne2 Rxa1 21.
Qxa1 Qxc2 22. Qd1 Qb2 23. Qb1 Qd2 24. Bf3 Rb8 25. Nc1 {
Rest nicht nachvollziehbar!} 0-1

[Event "SV Günnigfeld 1 - Rochade Steele/Kray "]
[Site "Verbandsklasse - Gruppe 1 201"]
[Date "2018.09.23"]
[Round "1.7"]
[White "Kleeberg, Stefan"]
[Black "Bauer, Matthias"]
[Result "1-0"]
[WhiteElo "1554"]
[BlackElo "1538"]
[PlyCount "73"]
[EventDate "2018.??.??"]

1. d4 d5 2. c4 c6 3. Nc3 Nf6 4. e3 e6 5. Bd3 Bd6 6. Nf3 Nbd7 7. Qc2 dxc4 8.
Bxc4 Nd5 9. Ne4 Bc7 10. Bd2 N7f6 11. Ng3 a5 12. O-O Nb6 13. Bd3 h6 14. h3 Qe7
15. e4 Nbd7 16. Rac1 Bb6 17. a3 O-O 18. e5 Nd5 19. Ne2 c5 20. dxc5 Bxc5 21. Nc3
Nxc3 22. Bxc3 b6 23. Be4 Ra7 24. Rfd1 Bb7 25. g4 Bxe4 26. Qxe4 Rc8 27. Kg2 Rac7
28. b4 Bxf2 29. Bb2 Rxc1 30. Bxc1 axb4 31. axb4 b5 32. Kxf2 Rc4 33. Qa8+ Kh7
34. Bd2 Nb6 35. Qa6 Nd5 36. Qxb5 Rc2 37. Qd3+ 1-0